[Event "SVK-chT3A2 1819"]
[Site "Slovakia"]
[Date "2019.03.10"]
[Round "10.2"]
[White "Nemsak, Denis"]
[Black "Mosny, Jaroslav"]
[Result "1-0"]
[WhiteElo "1994"]
[BlackElo "1944"]
[PlyCount "156"]
[EventDate "2018.10.07"]
[EventType "team-tourn"]
[EventRounds "11"]
[EventCountry "SVK"]
[SourceTitle "EXT 2020"]
[Source "ChessBase"]
[SourceDate "2019.10.17"]
[SourceVersion "1"]
[SourceVersionDate "2019.10.17"]
[SourceQuality "1"]
[WhiteTeam "Gbely Nafta II"]
[BlackTeam "Trnava Lokomotiva II"]
[WhiteTeamCountry "SVK"]
[BlackTeamCountry "SVK"]

1. d4 f5 2. c4 Nf6 3. Nc3 e6 4. g3 Be7 5. Bg2 0-0 6. Nf3 Qe8 7. d5 Na6 8. Nd2 Nc5 9. b4 Nce4 10. Ndxe4 Nxe4 11. Nxe4 fxe4 12. Rb1 a5 13. a3 axb4 14. axb4 Qf7 15. 0-0 exd5 16. cxd5 Qf5 17. Qd4 Bf6 18. Qxe4 d6 19. Qxf5 Bxf5 20. e4 Bg6 21. Be3 Rfe8 22. Rfc1 Re7 23. Rc4 Be8 24. Bd4 Bb5 25. Bxf6 gxf6 26. Rd4 Ra2 27. Bh3 Kg7 28. Rc1 Re2 29. Bf5 h5 30. h4 Ra2 31. Kg2 Kh6 32. Rc3 Be2 33. Re3 Bb5 34. Kf3 Kg7 35. g4 hxg4+ 36. Bxg4 Kh6 37. Rd1 Rg7 38. Rc1 Rb2 39. Bf5 Rxb4 40. Rec3 c6 41. dxc6 Bxc6 42. Rd1 Re7 43. Rxc6 bxc6 44. Rxd6 Kg7 45. Rxc6 Ra7 46. Kf4 Rb2 47. f3 Rh2 48. Kg3 Rh1 49. Bg4 Rb7 50. h5 Rb5 51. Kf4 Rh2 52. Rc7+ Kf8 53. Rd7 Ra5 54. Be6 Rh4+ 55. Kg3 Rhxh5 56. Rf7+ Ke8 57. Rxf6 Rag5+ 58. Bg4 Rh1 59. Kf4 Ra5 60. Rb6 Re1 61. Bf5 Ke7 62. Re6+ Kf7 63. Re5 Rxe5 64. Kxe5 Ke7 65. f4 Ra1 66. Be6 Rf1 67. Bc4 Rc1 68. Kd4 Rd1+ 69. Bd3 Ra1 70. e5 Ra4+ 71. Bc4 Ra1 72. f5 Rd1+ 73. Ke4 Rh1 74. f6+ Kf8 75. e6 Rh4+ 76. Kd5 Rh6 77. e7+ Kf7 78. Ke5+ Kg6 1-0

[Event "Vlcnov Oharka Memorial"]
[Site "Vlcnov"]
[Date "2018.12.26"]
[Round "2"]
[White "Vrana, Frantisek"]
[Black "Nemsak, Denis"]
[Result "1-0"]
[WhiteElo "2271"]
[BlackElo "1956"]
[PlyCount "71"]
[EventDate "2018.12.26"]
[EventType "swiss"]
[EventRounds "9"]
[EventCountry "CZE"]
[SourceTitle "CBM 188 Extra"]
[Source "ChessBase"]
[SourceDate "2019.02.26"]
[SourceVersion "1"]
[SourceVersionDate "2019.02.26"]
[SourceQuality "1"]

1. Nf3 f5 2. e4 fxe4 3. Ng5 Nf6 4. d3 d5 5. dxe4 h6 6. e5 hxg5 7. exf6 gxf6 8. Bd3 Be6 9. Nc3 c6 10. f4 gxf4 11. Bxf4 Qb6 12. Bg6+ Bf7 13. Qg4 Na6 14. 0-0-0 Bh6 15. Bxh6 Rxh6 16. Bf5 Qe3+ 17. Kb1 Qg5 18. Qf3 Bh5 19. g4 Bf7 20. h4 Qg7 21. g5 fxg5 22. hxg5 Rxh1 23. Rxh1 Rd8 24. Rh7 Qg8 25. Bg4 Rd6 26. Qh3 Qf8 27. Rh8 Bg8 28. Ne2 Qg7 29. Nf4 Nc5 30. a3 a5 31. g6 Rf6 32. Qh7 Rxg6 33. Qxg6+ Qxg6 34. Nxg6 Kf7 35. Nxe7 Kxe7 36. Rxg8 1-0

[Event "SVK-chT2A 1819"]
[Site "Slovakia"]
[Date "2018.12.16"]
[Round "6.2"]
[White "Nemsak, Denis"]
[Black "Jozefek, Michal"]
[Result "1/2-1/2"]
[WhiteElo "2032"]
[BlackElo "2201"]
[PlyCount "27"]
[EventDate "2018.10.13"]
[EventType "team-tourn"]
[EventRounds "11"]
[EventCountry "SVK"]
[SourceTitle "CBM 189 Extra"]
[Source "ChessBase"]
[SourceDate "2019.06.03"]
[SourceVersion "1"]
[SourceVersionDate "2019.06.03"]
[SourceQuality "1"]
[WhiteTeam "Piestany Kupele"]
[BlackTeam "Osuske II"]
[WhiteTeamCountry "SVK"]
[BlackTeamCountry "SVK"]

1. e4 d6 2. c4 g6 3. Nc3 Bg7 4. d4 Nf6 5. f4 0-0 6. Nf3 c5 7. d5 e6 8. Be2 exd5 9. cxd5 Nbd7 10. 0-0 c4 11. Bxc4 b5 12. Bd3 Nc5 13. Be3 b4 14. Bxc5 1/2-1/2

[Event "SVK-chT3A2 1819"]
[Site "Slovakia"]
[Date "2018.11.25"]
[Round "4.5"]
[White "Nemsak, Denis"]
[Black "Puskar, David"]
[Result "1-0"]
[WhiteElo "1994"]
[BlackElo "1818"]
[PlyCount "49"]
[EventDate "2018.10.07"]
[EventType "team-tourn"]
[EventRounds "11"]
[EventCountry "SVK"]
[SourceTitle "EXT 2020"]
[Source "ChessBase"]
[SourceDate "2019.10.17"]
[SourceVersion "1"]
[SourceVersionDate "2019.10.17"]
[SourceQuality "1"]
[WhiteTeam "Gbely Nafta II"]
[BlackTeam "Trnava Lokomotiva III"]
[WhiteTeamCountry "SVK"]
[BlackTeamCountry "SVK"]

1. e4 e6 2. d4 d5 3. exd5 exd5 4. c4 Nf6 5. Bd3 dxc4 6. Bxc4 Be7 7. Ne2 Nc6 8. 0-0 0-0 9. Nbc3 Bf5 10. Be3 a6 11. a3 Bd6 12. Ng3 Bg6 13. f4 h6 14. Qf3 Qd7 15. f5 Bh7 16. Nge4 Be7 17. Rad1 Rad8 18. Nxf6+ Bxf6 19. Nd5 Qd6 20. Qg4 Na5 21. Ba2 Kh8 22. b4 Nc6 23. Bf4 Qd7 24. Nxf6 gxf6 25. Qh4 1-0